| 000 | 00598 a2200193 4500 | ||
|---|---|---|---|
| 020 | _a0679783393 | ||
| 040 |
_aDLC _bDLC |
||
| 082 | 0 | 0 | _a193 |
| 100 | 1 | _aNietzsche, Friedrich Wilhelm, | |
| 245 | 1 | 0 |
_aBasic writings of Nietzsche _cPeter Gay, Walter Kaufmann. |
| 250 | _aModern Library ed. | ||
| 260 |
_aNew York : _bModern Library, _c2000. |
||
| 300 |
_axxiv, 862 p. ; _c21 cm. |
||
| 500 | _aOriginally published: New York : Modern Library, 1968. With new commentary. | ||
| 500 | _aIncludes indexes. | ||
| 650 | 0 | _aPhilosophy. | |
| 700 | 1 | _aKaufmann, Walter Arnold. | |
| 942 |
_cBK _k193 NIE _2ddc |
||
| 999 |
_c7021 _d7021 |
||